000 01067cam a2200301 a 4500
001 14559767
003 OSt
005 20150320163946.0
008 060920m2007 txu b 000 0 eng
010 _a 2006935050
020 _a9781556711732 (alk. paper)
040 _aDLC
_cDLCdDLC
050 0 0 _aBS1235.53
_b.B37 2007
082 0 0 _a222/.11077
_222
100 1 _aBarnwell, Katharine G. L.
_936780
245 1 0 _aTranslator's notes on Genesis /
_cKatharine Barnwell, Hanni Kuhn.
260 _aDallas, TX :
_bSIL International, International Translation Dept.,
_c2007-
300 _av. <1> ;
_c28 cm.
490 0 _aTranslator's notes series
504 _aIncludes bibliographical references (v. 1, p. 231-236).
505 1 _av. 1. 1-11:26.
630 0 0 _aBible.
_pGenesis
_vCommentaries.
_936781
630 0 0 _aBible.
_pGenesis
_xTranslating.
_936782
700 1 _aKuhn, Hanni.
_936783
906 _a7
_bcbc
_corignew
_d2
_eepcn
_f20
_gy-gencatlg
942 _2lcc
_cBK
999 _c61594
_d61568